000 04047cam a2200661 i 4500
001 19966104
005 20230128100407.0
008 170828t20172017nyua b 001 0 eng d
010 _a 2017380745
020 _a9780062464316
_q(hardcover)
020 _a0062464310
_q(hardcover)
035 _a(OCoLC)ocn951507538
040 _aYDXCP
_beng
_cYDXCP
_erda
_dBTCTA
_dBDX
_dGKX
_dVTL
_dOCLCO
_dKL8
_dWIM
_dFM0
_dABG
_dCLE
_dBUR
_dBKL
_dIGA
_dZHB
_dYAM
_dLMR
_dOCLCF
_dNDS
_dIEB
_dTXWBR
_dDF$
_dIAD
_dAP8
_dGUA
_dMUU
_dCOH
_dTYPML
_dSFR
_dDLC
041 1 _aeng
_hheb
042 _alccopycat
050 0 0 _aCB428
_b.H368513 2017
060 4 _aCB428
082 0 4 _a909.83,HAR
_223
082 0 4 _223
100 1 _aHarari, Yuval N.,
_eauthor,
_etranslator.
_9107983
240 1 0 _aHisṭoryah shel ha-maḥar.
_lEnglish
245 1 0 _aHomo Deus :
_bA Brief History of Tomorrow /
_cYuval Noah Harari ; translated by the author.
250 _aFirst U.S. edition.
264 1 _aNew York, NY :
_bHarper, an imprint of HarperCollins Publishers,
_c[2017]
264 4 _c©2017
300 _a449 pages :
_billustrations (chiefly color) ;
_c24 cm
336 _atext
_btxt
_2rdacontent
337 _aunmediated
_bn
_2rdamedia
338 _avolume
_bnc
_2rdacarrier
505 0 _aPart 1: Homo Sapiens Conquers the World (Page-71), Part 2:Homo Sapiens gives meaning to The World (Page-155), Part 3: Homo Sapiens Loses Control (Page-281).
520 _a"Over the past century, humankind has managed to do the impossible and rein in famine, plague, and war. For the first time ever, more people die from eating too much than from eating too little; more people die from old age than from infectious diseases; and more people commit suicide than are killed by soldiers, terrorists and criminals put together. The average American is a thousand times more likely to die from binging at McDonald's than from being blown up by Al Qaeda. What then will replace famine, plague, and war at the top of the human agenda? As the self-made gods of planet Earth, what destinies will we set for ourselves, and which quests will we undertake? Homo Deus explores the projects, dreams and nightmares that will shape the twenty-first century -- from overcoming death to creating artificial life. It asks the fundamental questions: Where do we go from here? And how will we protect this fragile world from our own destructive powers? This is the next stage of evolution. This is Homo Deus." --Publisher's Web site.
650 0 _aCivilization, Modern
_y21st century.
_9104789
650 0 _aTechnology and civilization.
_914664
650 0 _aScience and civilization.
_9107984
650 0 _aTechnological forecasting.
_98323
650 0 _aHuman beings
_xHistory.
_9107985
650 0 _aPhilosophical anthropology.
650 0 _aNature
_xEffect of human beings on.
_92630
650 0 _aHistory, Modern
_y21st century.
_987018
650 1 _aForecasting.
_925884
650 4 _aModern civilization
_y1950-
_9107986
650 4 _aHuman beings
_xHistory.
_9107985
650 4 _aScience and civilization.
_9107984
650 7 _aHISTORY / Civilization.
_2bisacsh
_9107987
650 7 _aSCIENCE / Life Sciences / Evolution.
_2bisacsh
_993696
650 7 _aSOCIAL SCIENCE / Future Studies.
_2bisacsh
_9107988
650 7 _aCivilization, Modern.
_2fast
_0(OCoLC)fst00863073
_990819
650 7 _aHuman beings.
_2fast
_0(OCoLC)fst00962832
_9107989
650 7 _aScience and civilization.
_2fast
_0(OCoLC)fst01108517
_9107984
650 7 _aTechnological forecasting.
_2fast
_0(OCoLC)fst01144998
_98323
650 7 _aTechnology and civilization.
_2fast
_0(OCoLC)fst01145253
_914664
655 7 _aHistory.
_2fast
_0(OCoLC)fst01411628
_913777
775 0 8 _iReproduction of (manifestation):
_aHarari, Yuval N.
_tHomo deus
_dLondon : Harvill Secker, 2016
_z9781910701874
856 _zWorldCat Link
_uhttp://worldcat.org/oclc/951507538
906 _a7
_bcbc
_ccopycat
_du
_encip
_f20
_gy-gencatlg
942 _2ddc
_cBK
999 _c593044
_d593044